• 首页
  • 本馆介绍
  • 公告通知
  • 最新文献
  • 馆藏检索
  • 电子资源
  • 读者导购
  • 参考咨询
  • 我的图书馆
  • 登录
  • 详细信息显示
  • 放入我的书架
  • 预约/预借图书
  • 作者相关作品
  • 分类相关作品
  • 丛书相关作品
  • 出版社相关作品

书目信息

  • 表格格式
  • 工作单格式
  • 卡片格式
题名:
中国农区蜘蛛
    
 
作者: 宋大祥 编著
分册:  
出版信息: 北京   农业出版社  1987
页数: 376页
开本: 19cm
丛书名:
单 册:
中图分类: Q959.226
科图分类:
主题词: 蜘蛛目-动物学--中国 , 动物学-蜘蛛目--中国
电子资源:
ISBN: 16144.3174
000 00672nam0 2200241 450
001 0187010185
005 20100712222047.0
010    @a16144.3174@dCNY2.55
091    @a16144.3174
100    @a19900808d1987 em y0chiy0110 ea
101 0  @achi
102    @aCN@b110000
105    @af z 001yy
106    @ar
200 1  @a中国农区蜘蛛@9Zhong Guo Nong Qu;Ou Zhi Zhu @f宋大祥编著
210    @a北京@c农业出版社@d1987
215    @a376页@c插图@d19cm
606 0  @a蜘蛛目-动物学@y中国
606 0  @a动物学-蜘蛛目@y中国
690    @aQ959.226@v3
701  0 @a宋大祥@9song da xiang@f(1935.5~)@4编著
801  0 @aCN@bAzMarc@c20130904
905    @aBZT@dQ959.22@e1@f2@sQ959.22/1
    
    中国农区蜘蛛/宋大祥编著.-北京:农业出版社,1987
    376页:插图;19cm
    
    
    ISBN 16144.3174:CNY2.55
    
●
相关链接 在五车中查询图书 在当当中查询图书 在豆瓣中查询图书


正题名:中国农区蜘蛛     索取号:Q959.22/1         预约/预借

序号 登录号 条形码 馆藏地/架位号 状态 备注
1 2000115589   2000115589   旧书回溯/ [索取号:Q959.22/1] 在馆    
2 2000115590   2000115590   旧书回溯/ [索取号:Q959.22/1] 在馆    
山东省滨州职业学院图书馆 欢迎您!
大连网信软件有限公司© 版权所有